A grammar of Egyptian Aramaic /

محفوظ في:

المؤلف الرئيسي: Muraoka, T. (مؤلف)

مؤلفون آخرون: Porten, Bezalel

التنسيق: كتاب

اللغة: English

منشور في: Atlanta : SBL Press, [2014].

الطبعة: Second Revised Edition.

سلاسل: Handbook of Oriental studies ; 32.

الموضوعات:

الوسوم: إضافة وسم

لا توجد وسوم, كن أول من يضع وسما على هذه التسجيلة!

رقم الطلب: ( REF )PJ5202 .M87 2014

LEADER 00974nam a2200265Ia 4500
003 OSt
005 20240716064518.0
008 141008s2014 gau b 001 0 eng
952 |0 0  |1 0  |2 lcc  |4 0  |7 1  |9 43869  |a ARCE  |b ARCE  |d 2022-11-24  |l 0  |o ( REF )PJ5202 .M87 2014  |p 1038384  |r 2022-11-24 00:00:00  |w 2022-11-24  |y BK 
999 |c 50326  |d 50326 
020 |a 9781628370379 (paper binding) 
040 |c ARCE Library 
050 4 |a ( REF )PJ5202 .M87 2014 
100 1 |a Muraoka, T.,   |e author 
245 1 2 |a A grammar of Egyptian Aramaic /   |c Takamitsu Muraoka, Bezalel Porten. 
250 |a Second Revised Edition. 
264 1 |a Atlanta :   |b SBL Press,   |c [2014]. 
300 |a lii, 416 pages ;   |c 23 cm. 
490 0 |a Handbook of Oriental studies ; 32. 
504 |a Includes bibliographical references (pages 354-356) and indexes. 
546 |a Includes some words in Aramaic. 
650 0 |a Aramaic language -- Egypt -- Grammar. 
700 1 |a Porten, Bezalel,  
901 |a reviewed 
942 |2 lcc  |c BK